000 00569nam a2200229Ia 4500
003 OSt
005 20220924144618.0
006 a|||||r|||| 00| 0
007 ta
008 220923b |||||||| |||| 00| 0 urd d
024 _a316266
037 _cTextual
040 _aARTS
_cARTS
_burd
041 _2urd
_aurd
082 _aO168,1NWS,1, L4
100 _aSikandar Wajdi
_9218003
245 0 _aBayaz-e-maryam
260 _c1974
650 _aURDU POETRY
942 _hO168,1NWS,1, L4
_cTEXL
_2CC
999 _c457616
_d457616